| 000 | 00947nam a2200289 i 4500 | ||
|---|---|---|---|
| 001 | 000021455 | ||
| 003 | DO-SdBNP | ||
| 005 | 20251009114236.0 | ||
| 007 | ta | ||
| 008 | 100908s1985 dr 000 0 spa d | ||
| 040 |
_aDO-SdBNP _bspa _cBNPHU _erda |
||
| 041 | _aspa | ||
| 082 |
_axxx _bE98a _222 |
||
| 100 | 1 |
_aEyzaguirre Moyano, Carlos A. _eautor _4aut. _944752 |
|
| 245 | 1 | 3 |
_aEl análisis de los estados financieros y su importancia en la toma de decisiones / _cCarlos A. Eyzaguirre Moyano. |
| 250 | _aPrimera edición | ||
| 264 | 1 |
_aSanto Domingo : _bEditorial CENAPEC, _c1985. |
|
| 300 |
_a169 páginas ; _c27 cm. |
||
| 336 |
_atexto _btxt _2rdacontent |
||
| 337 |
_asin mediación _bn _2rdamedia |
||
| 338 |
_avolumen _bnc _2rdacarrier |
||
| 500 | _aIncluye datos biográficos del autor en la solapa de la cubierta. | ||
| 504 | _aBibliografía p: 169 | ||
| 590 | _aInventariado, 2025/ YL | ||
| 910 | _aYLockward | ||
| 942 |
_2ddc _cLBS1 |
||
| 999 |
_c20955 _d20955 |
||